The wellness encyclopedia of food and nutrition : (Record no. 448)
[ view plain ]
| 000 -LEADER | |
|---|---|
| fixed length control field | 01250pam a2200313 a 4500 |
| 005 - DATE AND TIME OF LATEST TRANSACTION | |
| control field | 20260322212020.0 |
| 008 - FIXED-LENGTH DATA ELEMENTS--GENERAL INFORMATION | |
| fixed length control field | data |
| 010 ## - LIBRARY OF CONGRESS CONTROL NUMBER | |
| LC control number | 92013017 |
| 020 ## - INTERNATIONAL STANDARD BOOK NUMBER | |
| International Standard Book Number | 0929661036 |
| 020 ## - INTERNATIONAL STANDARD BOOK NUMBER | |
| International Standard Book Number | 9780929661032 |
| 040 ## - CATALOGING SOURCE | |
| Original cataloging agency | DLC |
| Transcribing agency | DLC |
| Modifying agency | DLC |
| 050 00 - LIBRARY OF CONGRESS CALL NUMBER | |
| Classification number | TX353 |
| Item number | .M344 1992 |
| 082 00 - DEWEY DECIMAL CLASSIFICATION NUMBER | |
| Classification number | 613.2 |
| Edition information | 20 |
| 092 ## - LOCALLY ASSIGNED DEWEY CALL NUMBER (OCLC) | |
| Classification number | 613.2 M344 1992 |
| 001 - CONTROL NUMBER | |
| control field | data |
| 245 04 - TITLE STATEMENT | |
| Title | The wellness encyclopedia of food and nutrition : |
| Remainder of title | how to buy, store, and prepare every variety of fresh food / |
| Statement of responsibility, etc. | edited by Sheldon Margen & University of California, Berkeley. |
| 260 ## - PUBLICATION, DISTRIBUTION, ETC. | |
| Place of publication, distribution, etc. | New York : |
| Name of publisher, distributor, etc. | Distributed by Random House, |
| -- | Distributed by Random House, |
| Date of publication, distribution, etc. | c1992. |
| 300 ## - PHYSICAL DESCRIPTION | |
| Extent | 512 p. : |
| Other physical details | col. ill. ; |
| Dimensions | 27 cm. |
| 500 ## - GENERAL NOTE | |
| General note | Includes index. |
| 650 #0 - SUBJECT ADDED ENTRY--TOPICAL TERM | |
| Topical term or geographic name entry element | Food. |
| 650 #0 - SUBJECT ADDED ENTRY--TOPICAL TERM | |
| Topical term or geographic name entry element | Nutrition. |
| 700 1# - ADDED ENTRY--PERSONAL NAME | |
| Personal name | Margen, Sheldon. |
| 710 2# - ADDED ENTRY--CORPORATE NAME | |
| Corporate name or jurisdiction name as entry element | University of California, Berkeley. |
| 730 0# - ADDED ENTRY--UNIFORM TITLE | |
| Uniform title | University of California, Berkeley, wellness letter. |
| 856 42 - ELECTRONIC LOCATION AND ACCESS | |
| Materials specified | Publisher description |
| Uniform Resource Identifier | <a href="http://www.loc.gov/catdir/description/random0410/92013017.html">http://www.loc.gov/catdir/description/random0410/92013017.html</a> |
| 906 ## - LOCAL DATA ELEMENT F, LDF (RLIN) | |
| a | 7 |
| b | cbc |
| c | orignew |
| d | 1 |
| e | ocip |
| f | 19 |
| g | y-gencatlg |
| 991 ## - | |
| -- | c-GenColl |
| -- | TX353 |
| -- | .M344 1992 |
| -- | Copy 1 |
| -- | BOOKS |
| Withdrawn status | Lost status | Damaged status | Not for loan | Home library | Current library | Shelving location | Date acquired | Total checkouts | Full call number | Barcode | Date last seen | Price effective from | Koha item type |
|---|---|---|---|---|---|---|---|---|---|---|---|---|---|
| Fairview | Fairview | General stacks | 22/03/2026 | 613.2 20 | BC0010459 | 22/03/2026 | 22/03/2026 | Books |